000 00253 a2200085 4500
100 1 _aMazel', K.B..
_eAutor
245 0 _aTransformatory elektropitanija /
_cMazel' K.B..
710 2 _aEnergoizdat.
_eWydawca
_4pbl
260 _aMoskva :
_bEnergoizdat,
_c1982.
300 _a80 s.;
_c25 cm.
999 _c7936
_d7936